| 000 | 00565nam a22001577a 4500 | ||
|---|---|---|---|
| 005 | 2012020704044.0 | ||
| 020 |
_a8120314549 _c175.00 |
||
| 035 | _aA-950949 | ||
| 037 |
_aDPL _bENG |
||
| 100 |
_aMartin, Glen _941082 |
||
| 245 |
_aMCSE TestPrep : _bExchange server 5.5 / _cby Glen Martin et al. |
||
| 260 |
_aNew Delhi _bPrentice-Hall of India _c1998 |
||
| 300 |
_axiii, 354p. _c22 cms. |
||
| 942 |
_2ddc _cEN _h005.369 _mMAR |
||
| 999 |
_c62173 _d62173 |
||